000
00206nam a22000857a 4500
008
221207b |||||||| |||| 00| 0 eng d
020
_a
9789354403002
100
_a
NESBIT.E
_9
7604
245
_a
FIVE CHILDREN AND IT
999
_c
12195
_d
12195